| 000 | 00528nam a2200193Ia 4500 | ||
|---|---|---|---|
| 003 | GCL | ||
| 008 | 140319s9999 xx 000 0 eng d | ||
| 040 |
_aGCL / _cGCL |
||
| 082 | 0 | 4 |
_a650.03 _bW I |
| 100 | 1 | _aWARNER, MALCOLM | |
| 245 | 1 | 0 |
_aINTERNATIONAL ENCYCLOPEDIA OF BUSINESS AND MANAGEMENT. / _cWARNER, MALCOLM |
| 260 |
_a[S.N] : _bROUTLEDGE ، _c1996 |
||
| 300 | _a4097 | ||
| 650 | 0 | 4 | _aBUSINESS - ENCYCLOPEDIA |
| 650 | 0 | 4 | _aMANAGEMENT - ENCYCLOPEDIA |
| 650 | 0 | 4 | _aMANAGEMENT |
| 650 | 0 | 4 | _aBUSINESS |
| 942 |
_2ddc _cBK |
||
| 999 |
_c12949 _d12949 |
||